Schlesien, Hus und die Hussiten 1403-1435
| Titel: | Schlesien, Hus und die Hussiten 1403-1435 |
|---|---|
| Verfasser: | |
| In: |
Die hussitische Revolution, (2012), Seite 109-141 alle Artikel anzeigen |
| Veröffentlicht: | 2012 |
| Format: | Aufsatz |
| Sprache: | Deutsch |
X
alg: 39254586
001A $01999:11-11-16
001B $01999:17-05-21 $t20:34:06.000
001D $01999:11-11-16
001U $0utf8
001X $00
002@ $0Aox
003@ $0392545861
007A $0392545861 $aHEB
007T $0Herdc0082925m
010@ $ager
011@ $a2012
021A $aSchlesien, Hus und die Hussiten 1403-1435
028A $#Machilek, František $7132225824 $8Machilek, Franz$Z1934-2021 [Tp1] $9182221156
031A $h109-141 $j2012
039B $aIn $8--Aau--. Die @hussitische Revolution. - Köln {[u.a.] : Böhlau, 2012. - VI, 292 S.. - ISBN 978-3-412-20891-2 $x201200000000000891 $9293910243
045F $a200.943710903 $eDDC23BSB
045F/01 $a200.9
045F/03 $f0903
045F/03 $f0904
045F/03 $f0905
045F/03 $g4371
045F/03 $g4385
lok: 39254586 78
exp: 39254586 78 1 #EPN
201B/01 $026-11-17 $t01:11:47.000
201U/01 $0utf8
203@/01 $0788643878
208@/01 $a11-11-16 $be
209A/01 $a/ $f000 $x00
220C/01 $aTitelaufnehmer: ds
220C/01 $aHerkunft: HI Marburg
244Z/01 $2Trx $#Silesia $#Śląsk $#Sliezsko $#Slezsko $8--Trx--Schlesien $x01 $9391173987
244Z/01 $#Tschechien $#Tschechische Republik $#Tschechische Republik $#Tschechenland $#Tschechei Tschechien $#Česká Republika $#Czech Republic $#ČR $74303381-7 $8--Tg1--Tschechien $x02 $9086659812
244Z/01 $2Trx $#Böhmen $#Bohemia $#Czechy $8--Trx--Čechy $x03 $9391188941
244Z/01 $aGeschichte 1403-1435 $x04
244Z/01 $#Huss, Jan $#Johannes $#Constantius, Paulus $#Hussus, Ioan. $#Hus, Johann $#Hus, Joh. $#Hus, Jean $#Hus, Ian $#Hus, Ioannes $#Hus, Johannis $#Hus, John $#Huss, John $#Hus von Hussinecz, Johannes $#Hussinecz, Johannes Hus von $#Johannes $#Johannes $#Jean $#Huss, Johann $#Huss, Giovanni $#Hus, Iohannes $#Johannes $#Iohannes $#Huss, Johannes $#Jan $#Jean $#Hussinetz, Johannes von $#Jan $#Johannes $#Hus, Johannes $#Johannes $#Hussius, Johannes $#Huß, Johannes $7118554948 $8--Tp1--Hus, Jan$Z1369-1415 $x05 $9086895974
244Z/01 $2Trx $#hussiidid $#husitų judėjimas $#Hussites $#huszitizmus $#husytyzm $#husitstvo $#husitství $#Utraquisten $#utrakwiści $#utrakvisti $#utrakvisté $8--Trx--Hussitentum $x06 $9391383779
244Z/01 $2Trx $#sõda, hussiitide 1419- 1436 $#husitų karai 1419-1436 $#Wars, Hussite Wars 1419-1436 $#huszita háborúk 1419-1436 $#wojny husyckie 1419-1436 $#vojny husitské 1419-1436 $#války husitské 1419-1436 $#Hussitenkriege $#Kreuzzüge $#Hussite Wars $#husitské vojny $#vęypravy križiacke $8--Trx--Kriege, Hussitenkriege$g1419-1436 $x07 $9391376098
244Z/01 $2Trx $8--Trx--Einzelbeiträge $x08 $9391384570
245Z/01 $a10.02.02 $x01
247C/01 $82080>Marburg/Lahn, Herder-Institut, Forschungsbibliothek, Bibliographieportal $9336309341
| LEADER | 00000caa a22000002c 4500 | ||
|---|---|---|---|
| 001 | 392545861 | ||
| 003 | DE-603 | ||
| 005 | 20210517203406.0 | ||
| 007 | tu | ||
| 008 | 161111s2012 xx |||| | u00||u|ger c | ||
| 035 | |a (DE-599)HEB392545861 | ||
| 040 | |a DE-603 |b ger |c DE-603 |d DE-603 | ||
| 041 | |a ger | ||
| 082 | 0 | 4 | |8 1\u |a 200.943710903 |q DE-101 |2 23/BSB |
| 085 | |8 1\u |b 200.9 | ||
| 085 | |8 1\u |z 1 |s 0903 | ||
| 085 | |8 1\u |z 1 |s 0904 | ||
| 085 | |8 1\u |z 1 |s 0905 | ||
| 085 | |8 1\u |z 2 |s 4371 | ||
| 085 | |8 1\u |z 2 |s 4385 | ||
| 100 | 1 | |a Machilek, Franz |d 1934-2021 |0 (DE-603)182221156 |0 (DE-588)132225824 |2 gnd | |
| 245 | 0 | 0 | |a Schlesien, Hus und die Hussiten 1403-1435 |
| 264 | 0 | |c 2012 | |
| 773 | 0 | 8 | |i In |t Die hussitische Revolution |d Köln [u.a.] : Böhlau, 2012 |h VI, 292 S., 240 mm x 170 mm |z 9783412208912 |z 3412208914 |g (2012), Seite 109-141 |w (DE-603)293910243 |
| 924 | 0 | |9 2080 |a (DE-603)788643878 |b DE-2080 |c HES |d d |g / | |


